Countries Involved In the Gulf War - Statistics

General Stats
  • This quiz has been taken 108 times
  • The average score is 30 of 43
Answer Stats
Countries % Correct
United Kingdom
99%
United States
99%
Saudi Arabia
97%
France
95%
Iraq
93%
Germany
92%
Spain
90%
Kuwait
88%
Canada
86%
Italy
86%
Portugal
86%
Poland
85%
Turkey
85%
Australia
84%
Norway
84%
Egypt
81%
Oman
81%
Syria
81%
Japan
78%
Qatar
78%
Denmark
77%
Greece
77%
Netherlands
77%
Belgium
75%
United Arab Emirates
75%
Sweden
73%
New Zealand
71%
South Korea
71%
Bahrain
70%
Pakistan
63%
Romania
59%
Czechia
58%
Hungary
56%
Argentina
52%
Morocco
48%
Luxembourg
45%
Philippines
38%
Singapore
30%
Bangladesh
26%
Niger
26%
Senegal
21%
Honduras
14%
Sierra Leone
11%
No matching quizzes found
Score Distribution
Percent of People with Each Score
Percentile by Number Answered
Your Score History
You have not taken this quiz